000 00216nam a22000977a 4500
999 _c16166
_d16166
003 OSt
008 200612b ||||| |||| 00| 0 eng d
100 _aKahlil Gibran
_94588
245 _aNymphs of the Valley
942 _cBK